| 000 | 01123cab a2200265 4500 | ||
|---|---|---|---|
| 001 | ABS68608 | ||
| 008 | 050126n2005 000 0 eng u | ||
| 035 | _a(Sirsi) u128640 | ||
| 100 | _aShergold, S. | ||
| 245 | _aNew laws bury the dig and dump option | ||
| 260 | _c2005 | ||
| 490 |
_aEstates Gazette _v(0502) 15 January 2005, 96-97(2) |
||
| 520 | _aDiscusses how the requirements will affect the disposal of contaminated soil. Developers no longer have the option to dig and dump contaminated soil from brownfield sites at landfills. Looks at two alternatives: on-site treatment and off-site treatment and the benefits and difficulties of doing either of these. | ||
| 590 | _aABS | ||
| 650 | _aLANDFILL REGULATIONS (ENGLAND AND WALES) 2002 | ||
| 650 | _aLANDFILL (ENGLAND AND WALES) REGULATIONS 2002 | ||
| 650 | _aCO-DISPOSAL | ||
| 650 | _aCONTAMINATED LAND | ||
| 650 | _aDEVELOPMENT | ||
| 650 | _aENVIRONMENT PROTECTION ACT 1990 PART IIA | ||
| 650 | _aWASTE MANAGEMENT LICENSING REGULATIONS 1994 | ||
| 650 | _aCONTAMINATED LAND REGIME | ||
| 690 | _aBUILT ENVIRONMENT-BUILDING STANDARDS | ||
| 942 | _n0 | ||
| 999 |
_c74769 _d74769 |
||